Devinez la pâtisserie à partir d'un mot - Statistiques

Statistiques générales
  • Ce quiz a été pris 309 fois
  • Le résultat moyen est 6 sur 10
Statistiques - réponses
Indice Pâtisserie % Correct
Foudre Éclair
90%
Pantoufle Chausson
85%
Proust Madeleine
78%
Nonne Religieuse
71%
Lune Croissant
69%
Limace Escargot
60%
Cyclisme Paris-Brest
59%
Banquier Financier
52%
Cocotier Palmier
36%
Chignon Macaron
22%
Aucun quiz correspondant
Distribution des résultats
% des personnes avec chaque résultat
Percentile par nombre de réponses
Votre historique - résultats
Vous n’avez pas pris ce quiz